regions of malaysia - Statistics

General Stats
  • This quiz has been taken 36 times
  • The average score is 12 of 16
Answer Stats
Answer % Correct
sabah
90%
penang
87%
sarawak
83%
federal territories kuala lumpur
80%
states johor
77%
selangor
73%
kedah
70%
perak
70%
putrajaya
70%
kelantan
67%
pahang
67%
terengganu
67%
labuan
63%
malacca
63%
perlis
63%
negeri sembilan
60%
No matching quizzes found
Score Distribution
Percent of People with Each Score
Percentile by Number Answered
Your Score History
You have not taken this quiz